Examples in engineering drwing (Record no. 183094)
[ view plain ]
| 000 -LEADER | |
|---|---|
| fixed length control field | 00990 a2200169 4500 |
| 003 - CONTROL NUMBER IDENTIFIER | |
| control field | Nust |
| 005 - DATE AND TIME OF LATEST TRANSACTION | |
| control field | 20221017131437.0 |
| 040 ## - CATALOGING SOURCE | |
| Transcribing agency | Nust |
| 082 ## - DEWEY DECIMAL CLASSIFICATION NUMBER | |
| Classification number | 604.2,BIN |
| 100 ## - MAIN ENTRY--PERSONAL NAME | |
| Personal name | Binns H |
| 245 ## - TITLE STATEMENT | |
| Title | Examples in engineering drwing |
| 260 ## - PUBLICATION, DISTRIBUTION, ETC. | |
| Place of publication, distribution, etc. | London |
| Name of publisher, distributor, etc. | English University Press |
| Date of publication, distribution, etc. | 1948 |
| 505 ## - FORMATTED CONTENTS NOTE | |
| Formatted contents note | Machine Deign (Page-9),Factor Of Safety (Page-9), Wohlers Law (Page-9), Simple Stresses(Page-10), Stresses In Materials(Page-11),Section Changes (Page-12),List Of Core Diameters (Page-12),Cottered Joint Proportion (Page-14), Cottered Joint Design(Page-15), Coupling Proportion(Page-16), Knuckle Joints Proportion(Page-17), Knuckle Joint Design (Page-18), Coupling Proportion(Page-19), Coupling Design(Page-20), Keys(Page-21),Riveted Joints(Page-24),Bearings(Page-26),Thin Cylinders(Page-27),Gear-Box Calculation (Page-34), Numerical Examples(Page-34),List Of Drawing And Design Examples (Page-36). |
| 600 ## - SUBJECT ADDED ENTRY--PERSONAL NAME | |
| Personal name | H.Binns |
| 9 (RLIN) | 100468 |
| 650 ## - SUBJECT ADDED ENTRY--TOPICAL TERM | |
| Topical term or geographic name entry element | Engineering Drawing |
| 9 (RLIN) | 73872 |
| 942 ## - ADDED ENTRY ELEMENTS (KOHA) | |
| Source of classification or shelving scheme | |
| Koha item type | Book |
| Withdrawn status | Lost status | Source of classification or shelving scheme | Damaged status | Not for loan | Permanent Location | Current Location | Shelving location | Date acquired | Full call number | Barcode | Date last seen | Price effective from | Koha item type | Public note |
|---|---|---|---|---|---|---|---|---|---|---|---|---|---|---|
| Military College of Signals (MCS) | Military College of Signals (MCS) | General Stacks | 12/12/2016 | 604.2,BIN | MCS5972 | 12/08/2016 | 12/12/2016 | Book | Almirah No.26, Shelf No.1 | |||||
| Military College of Signals (MCS) | Military College of Signals (MCS) | General Stacks | 12/12/2016 | 604.2,BIN | MCS6003 | 12/08/2016 | 12/12/2016 | Book | Almirah No.26, Shelf No.1 |
